Metóda určovania polohy vozidiel na moste a jeho využitie pre simuláciu odozvy mosta

Salvato in:
Dettagli Bibliografici
Autore principale: Bánská, Barbora (Autore)
Altri autori: Sokol, Milan (Relatore della tesi)
Natura: Manoscritto Libro
Lingua:slovacco
inglese
Pubblicazione: 2024
Soggetti:
Accesso online:http://is.stuba.sk/zp/portal_zp.pl?podrobnosti=178100
https://opac.crzp.sk/?fn=detailBiblioForm&sid=F0082B7A009D1614BCC21DB883AC
Tags: Aggiungi Tag
Nessun Tag, puoi essere il primo ad aggiungerne!!

MARC

LEADER 00000ntm a22000003a 4500
001 stuzp99774
003 SK-STU
005 20240909101048.1
007 ta
008 150427s2015----xo-----f-mn---000-0-slo-d
040 |a STU  |b slo 
041 0 |a eng 
100 1 |a Bánská, Barbora  |u 010250  |4 aut  |U SvF Stavebná fakulta  |T SvF Katedra stavebnej mechaniky  |X 106202  |U V250  |Y 26  |7 106202 
242 0 1 |a Metóda určovania polohy vozidiel na moste a jeho využitie pre simuláciu odozvy mosta  |y slo 
245 1 0 |a Metóda určovania polohy vozidiel na moste a jeho využitie pre simuláciu odozvy mosta 
260 |c 2024 
650 4 |a Programovanie  |2 slo 
650 4 |a Monitorovanie dopravy  |2 slo 
650 4 |a Dynamika mosta  |2 slo 
650 4 |a Traffic monitoring  |2 eng 
650 4 |a Dynamic effect  |2 eng 
650 4 |a Programming  |2 eng 
700 1 |a Sokol, Milan  |u 010250  |k Z1  |4 ths  |U SvF Stavebná fakulta  |T SvF Katedra stavebnej mechaniky  |X 687  |U V250  |Y 26  |7 A000000687 
856 4 |u http://is.stuba.sk/zp/portal_zp.pl?podrobnosti=178100 
856 4 |u https://opac.crzp.sk/?fn=detailBiblioForm&sid=F0082B7A009D1614BCC21DB883AC